Paróquias da diocese de Barreiras - Statistics

Estatísticas Gerais
  • Esse quiz foi jogado 4 vezes
  • A pontuação média é 13 de 23
Estatísticas das Respostas
Município Paróquia % Correto
Barreiras - Santa Luzia Santa Luzia
100%
Barreiras - Centro São João Batista
100%
Wanderley São João Batista
100%
Angical Senhora Santana
100%
Brejolândia Senhora Santana
100%
Riachão das Neves Senhora Santana
100%
Tabocas do Brejo Velho Nossa Senhora da Conceição
67%
Barreiras - Sandra Regina Nossa Senhora do Perpétuo Socorro
67%
Formosa do Rio Preto Sagrado Coração de Jesus
67%
Santa Rita de Cássia Santa Rita
67%
Luís Eduardo Magalhães - Jardim Paraíso São Francisco de Assis
67%
Barreiras - Vila Brasil São José
67%
Luís Eduardo Magalhães - Santa Cruz São José
67%
Luís Eduardo Magalhães - Centro Nossa Senhora Aparecida
33%
Barreiras - Morada da Lua Santa Cruz
33%
Cotegipe Santa Cruz
33%
São Desidério - Roda Velha Santo Antônio
33%
São Desidério São Gonçalo
33%
Barreiras - Barreirinhas São Sebastião
33%
Baianópolis Senhor do Bonfim
33%
Cristópolis Menino Deus
0%
Barreiras - Vila Rica Santa Rafaela Maria
0%
Luís Eduardo Magalhães - Jardim das Ácacias Santa Rita de Cássia
0%
Nenhum quiz correspondente encontrado
Distribuição das Pontuações
Porcentagem de Pessoas com Cada Pontuação
Percentil de Números Respondidos
Sua Pontuação Histórica
Você não jogou esse quiz